000 01249nam a2200229Ia 4500
001 L195-1903
003 IT-CnALBA
008 170116s9999||||xx |||||||||||||| ||und||
040 _aIT-CnALBA
_cIT-CnALBA
041 _aITALIANO
100 _aAA. VV.
245 0 _aCARDINALE (IL) TOMMASO DE VIO GAETANO NEL IV CENTENARIO DELLA SUA MORTE.
250 _a1a ed.
260 _aMILANO
_bVITA E PENSIERO. SOCIETÀ EDITRICE
_c1935 [1° Ed.:1935 - Ed.Ling.Originale: 1935]
300 _a166 p. (prefazione: 1)
500 _aDOTTRINA DELL'ANALOGIA DEL CAR. GAETANO DI ODDONE A. PREFAZIONE DI MASNOVO AMATO. SAGGIO BIBLIOGRAFICO DI BOZZA T. FIGURA DEL GAETANO E ATTIVITÀ SCIENTIFICA DI PRANDONI N. OPINIONI SINGOLARI DI T. GAETANO. CONCEZIONE DEL CAN. BIBLIOCO DI ZARB SERAFINO. DE
501 _aSocietà San Paolo EM - Piazza San Paolo, 14 - 12051 ALBA (CN) (non commercial uses only) ® Copyright 2017
520 _aDOTTRINA DELL'ANALOGIA DEL CAR. GAETANO DI ODDONE A. PREFAZIONE DI MASNOVO AMATO. SAGGIO BIBLIOGRAFICO DI BOZZA T. FIGURA DEL GAETANO E ATTIVITÀ SCIENTIFICA DI PRANDONI N. OPINIONI SINGOLARI DI T. GAETANO. CONCEZIONE DEL CAN. BIBLIOCO DI ZARB SERAFINO. DE
650 _aFILOSOFIA ITALIANA
942 _cBK
957 _71
999 _a2883
_bSI
_g Copie: 1
_c261120
_d261120